书目信息 |
| 题名: |
传播文化
|
|
| 作者: | 张国涛 主编 | |
| 分册: | ||
| 出版信息: | 北京 中国传媒大学出版社 2010.02 |
|
| 页数: | 265页 | |
| 开本: | 24cm | |
| 丛书名: | 现代传播文丛 | |
| 单 册: | ||
| 中图分类: | G206-53 | |
| 科图分类: | ||
| 主题词: | 传播学--文集 , 传播学 | |
| 电子资源: | ||
| ISBN: | 978-7-81127-802-6 | |
| 000 | 00931oam2 2200277 450 | |
| 001 | 010700085462 | |
| 005 | 20130627100638.86 | |
| 010 | @a978-7-81127-802-6@dCNY45.00 | |
| 100 | @a20100130d2010 em y0chiy0110 ea | |
| 101 | 0 | @achi |
| 102 | @aCN@b110000 | |
| 105 | @ay z 000yy | |
| 106 | @ar | |
| 200 | 1 | @a传播文化@9chuan bo wen hua@e全球化与本土化@f张国涛主编 |
| 210 | @a北京@c中国传媒大学出版社@d2010.02 | |
| 215 | @a265页@d24cm | |
| 225 | 2 | @a现代传播文丛 |
| 330 | @a本书收录内容包括:“文化帝国主义”的传播扩张与中国影视文化的反弹——加入WTO,中国影视艺术的文化传播学思考;全球化语境下的中华民族影视艺术等。 | |
| 461 | 0 | @12001 @a现代传播文丛@1701 0@a胡智锋@4总主编 |
| 517 | 1 | @a全球化与本土化@9quan qiu hua yu ben tu hua |
| 606 | 0 | @a传播学@j文集 |
| 606 | 0 | @a传播学 |
| 690 | @aG206-53@v4 | |
| 701 | 0 | @a张国涛@9zhang guo tao@4主编 |
| 801 | 0 | @aCN@bRENTIAN@c20100130 |
| 905 | @b546454-58@dG206-53@e542@f5 | |
| 传播文化:全球化与本土化/张国涛主编.-北京:中国传媒大学出版社,2010.02 |
| 265页;24cm.-(现代传播文丛) |
| ISBN 978-7-81127-802-6:CNY45.00 |
| 本书收录内容包括:“文化帝国主义”的传播扩张与中国影视文化的反弹——加入WTO,中国影视艺术的文化传播学思考;全球化语境下的中华民族影视艺术等。 |
| ● |
| 相关链接 |
|
|
|
|
正题名:传播文化
索取号:G206-53/542
 
预约/预借
| 序号 | 登录号 | 条形码 | 馆藏地/架位号 | 状态 | 备注 |
| 1 | 546454 | 205464549 | 第一样本阅览室/ [索取号:G206-53/542] | 在馆 | |
| 2 | 546455 | 205464558 | 第四借阅区/ [索取号:G206-53/542] | 在馆 | |
| 3 | 546456 | 205464567 | 第四借阅区/ [索取号:G206-53/542] | 在馆 | |
| 4 | 546457 | 205464576 | 第四借阅区/ [索取号:G206-53/542] | 在馆 | |
| 5 | 546458 | 205464585 | 密集书库-文学院/ [索取号:G206-53/542] | 在馆 |